Statistiques concernant Ville à pays n°1

Cliquez ici pour prendre le quiz!

Statistiques générales

  • Ce quiz a été pris 111 fois
  • Le résultat moyen est 8 sur 15

Statistiques - réponses

Villeet pays% Correct
OsloNorvege
99%
MecqueArabie saoudite
89%
OdessaUkraine
87%
PermRussie
72%
FortalezaBrésil
61%
RenoÉtats-Unis
59%
BanjulGambie
53%
AyacuchoPerou
47%
HorsensDanemark
45%
VarnaBulgarie
41%
KanoNigeria
39%
PotosiBolivie
27%
MaracayVenezuela
22%
BundabergAustralie
18%
PoriruaNouvelle-zelande
8%

Distribution des résultats

Percentile par nombre de réponses

% des personnes avec chaque résultat

Votre développement - résultats

Vous n’avez pas pris ce quiz